| Registos Bibliográficos associados ao registo de autoridade |
|
Etiqueta de registo: 00254nam 2200025 450 001 2281747 003 http://id.bnportugal.gov.pt/bib/catbnp/2281747 010 ## $a978-989-36179-7-7 021 ## $aPT$b553504/25 100 ## $a20260319d2025 m y0pory01030103ba 101 0# $apor 102 ## $aPT 105 ## $a z 000yy 106 ## $ar 200 1# $a A manifestação operária da Lisnave, 12 de Setembro de 1974$e uma história dentro da história$fcoord. João Madeira$gtestemunhos Eduardo Pires... [et al.]$gfot. Graça Maria Almeida Ribeiro, Maria da Graça Almeida Ribeiro 205 ## $a1ª ed 210 #9 $a[S.l.]$cTigre de Papel,$d2025 215 ## $a153 p.$cil.$d21 cm 675 ## $a77.03$vBN$zpor$3290160 675 ## $a821.134.3-94"20"$vBN$zpor$31565850 675 ## $a323.2(469.411)"1974"$vBN$zpor$31995049 702 #1 $aMadeira,$bJoão,$f1955-$4340$3698084 702 #1 $aPires,$bEduardo$4205$3124601 702 #1 $aRibeiro,$bGraça Maria Almeida$4600$31992482 702 #1 $aRibeiro,$bMaria da Graça de Almeida$4600$31993352 801 #0 $aPT$bBN$gRPC 856 41 $uhttp://rnod.bnportugal.gov.pt/ImagesBN/winlibimg.aspx?skey=&doc=2281747&img=221167&save=true 900 ## $aBIBNAC$d20260416 966 ## $lBN$mFGMON$sS.C. 168878 V.$x1 966 ## $lBN$mFGMON$sS.C. 168878 V.-D$x1 971 ## $cabrito$d20260319 972 ## $e0$z0$d20260416$vlrevez 973 ## $cigoulao$d20260408
|
|
|